Tribal religion : (Record no. 8724)

MARC details
000 -LEADER
fixed length control field 00713nam a22002177a 4500
003 - CONTROL NUMBER IDENTIFIER
control field GBCCL
005 - DATE AND TIME OF LATEST TRANSACTION
control field 20241126110657.0
008 - FIXED-LENGTH DATA ELEMENTS--GENERAL INFORMATION
fixed length control field 210920b ||||| |||| 00| 0 eng d
020 ## - INTERNATIONAL STANDARD BOOK NUMBER
International Standard Book Number 9789389069136
020 ## - INTERNATIONAL STANDARD BOOK NUMBER
International Standard Book Number 9389069130
040 ## - CATALOGING SOURCE
Transcribing agency GBC
082 ## - DEWEY DECIMAL CLASSIFICATION NUMBER
Classification number 275.417
Item number MAR
100 ## - MAIN ENTRY--PERSONAL NAME
Personal name Maring, M.K. Koshilning
9 (RLIN) 15385
245 ## - TITLE STATEMENT
Title Tribal religion :
Remainder of title religion analysis, beliefs, and practices /
Statement of responsibility, etc. M.K. Koshilning Maring.
260 ## - PUBLICATION, DISTRIBUTION, ETC.
Place of publication, distribution, etc. Bangalore, India :
Name of publisher, distributor, etc. Omega Book World,
Date of publication, distribution, etc. 2019.
300 ## - PHYSICAL DESCRIPTION
Extent 222 pages ;
Other physical details 21 cm
650 ## - SUBJECT ADDED ENTRY--TOPICAL TERM
Topical term or geographic name entry element Nagaland (India)
Form subdivision Religious life and customs.
9 (RLIN) 15386
650 ## - SUBJECT ADDED ENTRY--TOPICAL TERM
Topical term or geographic name entry element Tribes
Form subdivision India
General subdivision Nagaland
Chronological subdivision Religion.
9 (RLIN) 15387
650 ## - SUBJECT ADDED ENTRY--TOPICAL TERM
Topical term or geographic name entry element India
Form subdivision Nagaland.
9 (RLIN) 15388
942 ## - ADDED ENTRY ELEMENTS (KOHA)
Source of classification or shelving scheme Dewey Decimal Classification
Koha item type Books
Koha issues (borrowed), all copies 5
Holdings
Withdrawn status Lost status Source of classification or shelving scheme Damaged status Not for loan Home library Current Library Shelving location Date acquired Total checkouts Total renewals Full call number Barcode Date last seen Date last checked out Copy number Price effective from Koha item type
    Dewey Decimal Classification     GRACE BIBLE COLLEGE GRACE BIBLE COLLEGE Church History 2021-09-20 4 1 275.417 MAR 015164 2026-01-19 2026-01-13 c.1 2021-09-20 Books
    Dewey Decimal Classification     GRACE BIBLE COLLEGE GRACE BIBLE COLLEGE Church History 2021-09-20 4 1 275.417 MAR 015165 2025-07-21 2025-07-10 c.2 2021-09-20 Books
© Grace Bible College Library 2025